Combat Against Drug Smuggling In Korea. (Record no. 2364)
[ view plain ]
| 000 -LEADER | |
|---|---|
| fixed length control field | nam a22 a 4500 |
| 005 - DATE AND TIME OF LATEST TRANSACTION | |
| control field | 20170516112029.0 |
| 008 - FIXED-LENGTH DATA ELEMENTS--GENERAL INFORMATION | |
| fixed length control field | 170516s2001 ko ||||| |||| 00| 0 eng d |
| 020 ## - INTERNATIONAL STANDARD BOOK NUMBER | |
| International Standard Book Number | 11122000000007510 |
| 040 ## - CATALOGING SOURCE | |
| Original cataloging agency | AKMAL |
| 082 ## - DEWEY DECIMAL CLASSIFICATION NUMBER | |
| Classification number | 345.027709519 KCS |
| 090 ## - LOCALLY ASSIGNED LC-TYPE CALL NUMBER (OCLC); LOCAL CALL NUMBER (RLIN) | |
| Classification number (OCLC) (R) ; Classification number, CALL (RLIN) (NR) | 345.027709519 |
| Local cutter number (OCLC) ; Book number/undivided call number, CALL (RLIN) | KCS |
| 245 00 - TITLE STATEMENT | |
| Title | Combat Against Drug Smuggling In Korea. |
| 260 ## - PUBLICATION, DISTRIBUTION, ETC. | |
| Place of publication, distribution, etc. | Korea ; |
| Name of publisher, distributor, etc. | Korea Customs Service, |
| Date of publication, distribution, etc. | 2001. |
| 300 ## - PHYSICAL DESCRIPTION | |
| Extent | 61pages |
| Dimensions | 26cm |
| 650 10 - SUBJECT ADDED ENTRY--TOPICAL TERM | |
| Topical term or geographic name entry element | Drug Smuggling |
| Geographic subdivision | Korea |
| 9 (RLIN) | 4912 |
| 650 10 - SUBJECT ADDED ENTRY--TOPICAL TERM | |
| Topical term or geographic name entry element | Illicit |
| Geographic subdivision | Korea |
| 9 (RLIN) | 4913 |
| 650 20 - SUBJECT ADDED ENTRY--TOPICAL TERM | |
| Source of heading or term | Customs |
| General subdivision | Law and legislation |
| Geographic subdivision | Korea |
| 9 (RLIN) | 4914 |
| 650 20 - SUBJECT ADDED ENTRY--TOPICAL TERM | |
| Topical term or geographic name entry element | Drug Traffic |
| Geographic subdivision | Korea |
| 9 (RLIN) | 4915 |
| 710 ## - ADDED ENTRY--CORPORATE NAME | |
| Corporate name or jurisdiction name as entry element | Korea Customs Service |
| 9 (RLIN) | 4916 |
| 942 ## - ADDED ENTRY ELEMENTS (KOHA) | |
| Source of classification or shelving scheme | |
| Koha item type | Book |
| 950 ## - LOCAL HOLDINGS (RLIN) | |
| Permanent shelving location, LOC (RLIN) | AKMAL |
| Withdrawn status | Lost status | Source of classification or shelving scheme | Damaged status | Not for loan | Collection code | Home library | Current library | Shelving location | Date acquired | Inventory number | Total Checkouts | Full call number | Barcode | Date last seen | Price effective from | Koha item type |
|---|---|---|---|---|---|---|---|---|---|---|---|---|---|---|---|---|
| NON-FICTION | AKMAL Melaka | AKMAL Melaka | PINJAMAN | 16.05.2017 | 000999 (year 2000) | 345.027709519 KCS | 201703460 | 16.05.2017 | 16.05.2017 | Book | ||||||
| NON-FICTION | AKMAL Melaka | AKMAL Melaka | PINJAMAN | 16.05.2017 | 001001 (year 2001) | 345.027709519 KCS | 201703461 | 16.05.2017 | 16.05.2017 | Book |
